• 首页
  • 本馆介绍
  • 公告通知
  • 最新文献
  • 馆藏检索
  • 电子资源
  • 读者导购
  • 参考咨询
  • 我的图书馆
  • 登录
  • 详细信息显示
  • 放入我的书架
  • 预约/预借图书
  • 作者相关作品
  • 分类相关作品
  • 丛书相关作品
  • 出版社相关作品

书目信息

  • 表格格式
  • 工作单格式
  • 卡片格式
题名:
大清后妃传奇
    
 
作者: 上官云飞 编著
分册:  
出版信息: 北京   西苑出版社  2005
页数: 251页
开本: 24cm
丛书名:
单 册:
中图分类: K828.5
科图分类:
主题词: 后妃--列传--中国--清代
电子资源:
ISBN: 7-80210-045-3
000 00680nam0 2200217 450
001 TS2006042587
005 20061205142341.84
010    @a7-80210-045-3@dCNY24.00
100    @a20060829d2005 ekmy0chiy0121 ea
101 0  @achi
102    @aCN@b110000
105    @aa z 000yy
200 1  @a大清后妃传奇@ADa Qing Hou Fei Chuan Qi@e图文本@ETu Wen Ben@f上官云飞编著@FShang Guan Yun Fei Bian Zhu
210    @a北京@c西苑出版社@d2005
215    @a251页@c图@d24cm
330    @a本书叙述了清朝历代后妃的传奇故事。
606 0  @a后妃@x列传@y中国@z清代
690    @aK828.5@v4
701  0 @a上官云飞@AShang Guan Yun Fei@4编著
801  0 @aCN@b中图数据@c20061205
905    @a10447@dK828.5@e26
    
    大清后妃传奇:图文本/上官云飞编著.-北京:西苑出版社,2005
    251页:图;24cm
    
    
    ISBN 7-80210-045-3:CNY24.00
    本书叙述了清朝历代后妃的传奇故事。
●
相关链接 在E读中查询图书 在五车中查询图书 在当当中查询图书 在豆瓣中查询图书


正题名:大清后妃传奇     索取号:K828.5/26         预约/预借

序号 登录号 条形码 馆藏地/架位号 状态 备注
1 0613339   206133398   第二样本阅览室/ [索取号:K828.5/26] 在馆    
2 0613340   206133405   第二借阅区/ [索取号:K828.5/26] 在馆    
3 0613341   206133414   第二借阅区/ [索取号:K828.5/26] 在馆    
4 0613342   206133423   第二借阅区/ [索取号:K828.5/26] 在馆    
5 0613343   206133432   第二借阅区/ [索取号:K828.5/26] 在馆    
唐山师范学院图书馆 欢迎您!
大连网信软件有限公司© 版权所有